[Event "Jerusalem Japhet Memorial op 3rd"]
[Site "Jerusalem"]
[Date "2016.07.15"]
[Round "7"]
[White "Levitan, Tal"]
[Black "Iskhakov, Michael"]
[Result "0-1"]
[WhiteElo "2111"]
[BlackElo "2226"]
[PlyCount "112"]
[EventDate "2016.07.10"]
[EventType "swiss"]
[EventRounds "7"]
[EventCountry "ISR"]
[SourceTitle "CBM 173 Extra"]
[Source "ChessBase"]
[SourceDate "2016.08.29"]
[SourceVersion "1"]
[SourceVersionDate "2016.08.29"]
[SourceQuality "1"]

1. e4 g6 2. d4 Bg7 3. Nf3 d6 4. h3 e5 5. dxe5 dxe5 6. Qxd8+ Kxd8 7. Bc4 f6 8. Be3 Nd7 9. Nc3 Bh6 10. Ke2 Bxe3 11. Kxe3 c6 12. a4 Nc5 13. b4 Ne6 14. a5 Ne7 15. Rhd1+ Kc7 16. g3 Bd7 17. Na4 Ng7 18. h4 Rad8 19. Nc5 Bc8 20. Rg1 h5 21. Rgd1 Rhf8 22. c3 Ng8 23. Rxd8 Kxd8 24. Ng1 Nh6 25. f3 Ke7 26. Ne2 Rd8 27. Bb3 Nf7 28. Rd1 Nd6 29. Nc1 b6 30. axb6 axb6 31. Na4 Be6 32. Ke2 Rb8 33. Bxe6 Nxe6 34. Nb3 Nc4 35. Nd2 Na3 36. Nb1 Nc4 37. Nd2 Nd6 38. Nb3 Nb5 39. Kd3 Rd8+ 40. Ke2 Ra8 41. Nxb6 Nxc3+ 42. Kd3 Rd8+ 43. Nd5+ Nxd5 44. exd5 Rxd5+ 45. Kc2 Rxd1 46. Kxd1 Kd6 47. Nd2 f5 48. Kc2 Nd4+ 49. Kd3 Kd5 50. Ke3 Nc2+ 51. Kd3 Nxb4+ 52. Kc3 Na2+ 53. Kb2 Nb4 54. Kc3 Na2+ 55. Kb2 Kd4 56. Kxa2 Kd3 0-1

[Event "Jerusalem Japhet Memorial op 3rd"]
[Site "Jerusalem"]
[Date "2016.07.14"]
[Round "6"]
[White "Iskhakov, Michael"]
[Black "Bottema, Martin"]
[Result "1/2-1/2"]
[WhiteElo "2226"]
[BlackElo "2108"]
[PlyCount "70"]
[EventDate "2016.07.10"]
[EventType "swiss"]
[EventRounds "7"]
[EventCountry "ISR"]
[SourceTitle "CBM 173 Extra"]
[Source "ChessBase"]
[SourceDate "2016.08.29"]
[SourceVersion "1"]
[SourceVersionDate "2016.08.29"]
[SourceQuality "1"]

1. Nf3 Nf6 2. c4 b6 3. g3 Bb7 4. Bg2 c5 5. b3 g6 6. Bb2 Bg7 7. 0-0 0-0 8. d4 cxd4 9. Qxd4 d6 10. Nc3 Nbd7 11. Nd5 Rc8 12. Rfc1 Nc5 13. Ne1 a6 14. Rab1 b5 15. e4 bxc4 16. Rxc4 a5 17. Qd2 Nxd5 18. exd5 Bxb2 19. Rxb2 Nd7 20. Ra4 Rc5 21. Nd3 Rb5 22. Nf4 Nf6 23. Rc2 Qb6 24. Rac4 Rb4 25. h4 Rxc4 26. Rxc4 Rc8 27. Qc3 Rxc4 28. Qxc4 Ng4 29. Nd3 h5 30. Bf3 Ba6 31. Qc3 Bxd3 32. Bxg4 Be4 33. Bf3 Bxf3 34. Qxf3 Qd4 35. Kh2 Kg7 1/2-1/2

[Event "Jerusalem Japhet Memorial op 3rd"]
[Site "Jerusalem"]
[Date "2016.07.13"]
[Round "5"]
[White "Iskhakov, Michael"]
[Black "Milikow, Yoav"]
[Result "1-0"]
[WhiteElo "2226"]
[BlackElo "1938"]
[PlyCount "93"]
[EventDate "2016.07.10"]
[EventType "swiss"]
[EventRounds "7"]
[EventCountry "ISR"]
[SourceTitle "CBM 173 Extra"]
[Source "ChessBase"]
[SourceDate "2016.08.29"]
[SourceVersion "1"]
[SourceVersionDate "2016.08.29"]
[SourceQuality "1"]

1. Nf3 Nf6 2. g3 c5 3. Bg2 g6 4. 0-0 Bg7 5. c3 0-0 6. d4 cxd4 7. Nxd4 Nc6 8. a4 d5 9. Be3 e5 10. Nxc6 bxc6 11. Bc5 Re8 12. Nd2 Be6 13. b4 Qd7 14. Re1 e4 15. Nb3 Nh5 16. Bd4 Bh3 17. Qd2 Be5 18. Bxe5 Rxe5 19. f4 exf3 20. exf3 Rae8 21. Rxe5 Rxe5 22. Re1 Rxe1+ 23. Qxe1 Bxg2 24. Kxg2 Qd6 25. Qe8+ Kg7 26. Qe3 Qd7 27. g4 Nf6 28. Qe5 Qe8 29. Qxe8 Nxe8 30. Nd4 Nd6 31. Nxc6 Nc8 32. g5 f6 33. b5 fxg5 34. a5 Kf6 35. Nxa7 Nxa7 36. b6 Nc6 37. a6 h5 38. a7 g4 39. fxg4 Kg5 40. a8Q Ne5 41. Qxd5 Kh4 42. Qxe5 hxg4 43. b7 g3 44. Qf4+ Kh5 45. b8Q g5 46. Qf5 gxh2 47. Qxh2# 1-0

[Event "Jerusalem Japhet Memorial op 3rd"]
[Site "Jerusalem"]
[Date "2016.07.12"]
[Round "4"]
[White "Solomon, Asif"]
[Black "Iskhakov, Michael"]
[Result "1-0"]
[WhiteElo "2072"]
[BlackElo "2226"]
[PlyCount "85"]
[EventDate "2016.07.10"]
[EventType "swiss"]
[EventRounds "7"]
[EventCountry "ISR"]
[SourceTitle "CBM 173 Extra"]
[Source "ChessBase"]
[SourceDate "2016.08.29"]
[SourceVersion "1"]
[SourceVersionDate "2016.08.29"]
[SourceQuality "1"]

1. d4 g6 2. c4 Bg7 3. Nc3 c5 4. d5 Bxc3+ 5. bxc3 f5 6. Qc2 Qa5 7. f3 d6 8. e4 fxe4 9. fxe4 Nf6 10. Bd3 Nbd7 11. Nf3 Ng4 12. 0-0 0-0 13. Bg5 Qd8 14. Qd2 Rf7 15. Be2 Qe8 16. h3 Nge5 17. Nxe5 Nxe5 18. Rxf7 Nxf7 19. Rf1 Qf8 20. Qf4 Bd7 21. Bg4 Bxg4 22. Qxg4 Qc8 23. Qf4 Nxg5 24. Qxg5 Qd7 25. h4 Rf8 26. Rxf8+ Kxf8 27. h5 Qe8 28. h6 Qf7 29. e5 dxe5 30. Qxe5 Qf6 31. Qxf6+ exf6 32. Kf2 Ke7 33. Ke3 Kd6 34. Kf4 b5 35. cxb5 Kxd5 36. a4 Kc4 37. Ke4 f5+ 38. Ke5 f4 39. Kxf4 Kd5 40. g4 Kd6 41. c4 Ke6 42. g5 Kd6 43. a5 1-0

[Event "Kiryat Ono op 6th"]
[Site "Kiryat Ono"]
[Date "2015.07.09"]
[Round "5"]
[White "Tifferet, Shaked"]
[Black "Iskhakov, Michael"]
[Result "0-1"]
[WhiteElo "2061"]
[BlackElo "2203"]
[PlyCount "58"]
[EventDate "2015.07.05"]
[EventType "swiss"]
[EventRounds "5"]
[EventCountry "ISR"]
[SourceTitle "CBM 167 Extra"]
[Source "ChessBase"]
[SourceDate "2015.09.14"]
[SourceVersion "1"]
[SourceVersionDate "2015.09.14"]
[SourceQuality "1"]

1. Nf3 g6 2. e4 Bg7 3. d4 d6 4. Nc3 Bg4 5. Be3 Nc6 6. d5 Ne5 7. Be2 Bxf3 8. gxf3 c5 9. Qd2 a6 10. 0-0-0 h5 11. Rhg1 Qa5 12. f4 Ng4 13. h3 Nxe3 14. Qxe3 b5 15. e5 b4 16. Ne4 Qxa2 17. Nxc5 Qa1+ 18. Kd2 Qxb2 19. Nxa6 Rc8 20. Bd3 dxe5 21. d6 exd6 22. fxe5 Qc3+ 23. Kc1 Bh6 24. f4 Qxe5 25. Qb6 Qa1+ 26. Kd2 Qc3+ 27. Ke2 Bxf4 28. Rde1 Ne7 29. Kf2 Be5 0-1